Rapport de la Commission nommée a Budapest pour le choix d'une langue internationale / (Record no. 154321)

MARC details
000 -LEADER
campo de control de longitud fija 00747nam a2200181 i 4500
001 - NÚMERO DE CONTROL
campo de control 154321
003 - IDENTIFICADOR DE NÚMERO DE CONTROL
campo de control ES-MaACL
005 - FECHA Y HORA DE LA ÚLTIMA TRANSACCIÓN
campo de control 20230906205650.0
008 - DATOS DE LONGITUD FIJA--INFORMACIÓN GENERAL
campo de control de longitud fija 040713s1898 fr |||| | fre d
100 1# - ENTRADA PRINCIPAL--NOMBRE DE PERSONA
Nombre de persona Girard
Títulos y otros términos asociados al nombre (député)
9 (RLIN) 153657
245 10 - MENCIÓN DEL TÍTULO
Título Rapport de la Commission nommée a Budapest pour le choix d'une langue internationale /
Mención de responsabilidad, etc. rapporteurs M. Girard, M. Raqueni et Mme. Griess-Traut.
260 ## - PUBLICACIÓN, DISTRIBUCIÓN, ETC.
Lugar de publicación, distribución, etc. Tours :
Nombre del editor, distribuidor, etc. [s.n.],
Fecha de publicación, distribución, etc. 1898 (
Fabricante Imp. E. Arrault et Cie.)
300 ## - DESCRIPCIÓN FÍSICA
Extensión 14 p. ;
Dimensiones 21 cm.
650 #4 - PUNTO DE ACCESO ADICIONAL DE MATERIA--TÉRMINO DE MATERIA
Término de materia o nombre geográfico como elemento de entrada Lenguas artificiales.
9 (RLIN) 136381
700 1# - ENTRADA AGREGADA--NOMBRE PERSONAL
Nombre de persona Raqueni
Títulos y otros términos asociados al nombre (directeur du journal l'Epoque)
9 (RLIN) 131613
700 1# - ENTRADA AGREGADA--NOMBRE PERSONAL
Nombre de persona Griess-Traut, J.
9 (RLIN) 127563
852 ## - LOCALIZACIÓN
Ubicación ES-MaACL
Número de control de estantería T-860-F-1
Nota libre - Enc. hol.
-- - Enc. en un vol. facticio
-- . - Donativo Sr. Luquessi
Holdings
Estatus retirado Estado de pérdida Estado de daño No para préstamo Colección Biblioteca de origen Biblioteca actual Ubicación en estantería Fecha de adquisición Total de préstamos Signatura topográfica completa Código de barras Visto por última vez Precio de reemplazo Tipo de ítem Koha
        Colección de folletos Biblioteca del Ateneo de Madrid Biblioteca del Ateneo de Madrid Depósito folletos 17/01/2008   T-860-F-1 1161378 23/02/2023 23/02/2023 Folleto